[Event "Colombia Mire Lea Florida Cup"]
[Site "Colombia"]
[Date "2010.10.16"]
[Round "1.10"]
[White "Munoz Andrade, Jesus Alejandro"]
[Black "Salazar, Ricardo"]
[Result "1-0"]
[WhiteElo "1600"]
[BlackElo "2009"]
[PlyCount "71"]
[EventDate "2010.10.16"]
[EventType "swiss"]
[EventRounds "7"]
[EventCountry "COL"]
[SourceTitle "EXT 2024"]
[Source "ChessBase"]
[SourceDate "2023.10.10"]
[SourceVersion "1"]
[SourceVersionDate "2023.10.10"]
[SourceQuality "1"]

1. d4 d5 2. c4 e6 3. e3 Nf6 4. Nf3 a6 5. c5 Be7 6. b4 c6 7. Bb2 0-0 8. Bd3 b6 9. 0-0 a5 10. a3 Nbd7 11. Re1 Qc7 12. Nc3 bxc5 13. bxc5 e5 14. Bf1 Ng4 15. g3 f5 16. Ne2 Ndf6 17. Nxe5 Nxe5 18. dxe5 Nd7 19. Nf4 Nxc5 20. Rc1 Ne6 21. Nxd5 Qb7 22. Nxe7+ Qxe7 23. Rxc6 Qb7 24. Qc2 Bd7 25. Rd6 Rac8 26. Qd2 Rfd8 27. Bg2 Qb5 28. f4 Be8 29. Bd4 Rxd6 30. exd6 Qa4 31. Qd3 Bf7 32. Be5 Nc5 33. Qxf5 Ne6 34. Be4 Rc5 35. Qxh7+ Kf8 36. Qh8+ 1-0